| 000 | 00362nam a2200157Ia 4500 | ||
|---|---|---|---|
| 005 | 20250425161110.0 | ||
| 008 | 250425s9999 xx 000 0 und d | ||
| 041 | _aspa | ||
| 082 | _a641.395 | ||
| 245 | 0 | _aEXPERIENCIAS EN TRAPORTACION DE CAMARONES | |
| 250 | _aS.E. | ||
| 260 | _aS.L. | ||
| 260 |
_aSin Pais _bESPOL _c1980 |
||
| 942 | _c01 | ||
| 010 | _a12651 | ||
| 999 |
_c202408 _d202408 |
||